Stylo à insuline - Statistiques

Statistiques générales
  • Ce quiz a été pris 20 fois
  • Le résultat moyen est 4 sur 9
Statistiques - réponses
Réponse % Correct
Humalog
63%
NovoRapid
63%
Lantus
56%
Abasaglar
44%
Apidra
44%
Levemir
31%
Toujéo
31%
Fiasp
25%
Tresiba
19%
Aucun quiz correspondant
Distribution des résultats
% des personnes avec chaque résultat
Percentile par nombre de réponses
Votre historique - résultats
Vous n’avez pas pris ce quiz